00463pab a2200145 454500008004000000100002000040245012800060260000900188300001400197362000800211650002400219650003000243650001400273773003000287180718b2005 xxu||||| |||| 00| 0 eng d aDolan, Chris J. aUnited States' narco-terrorism policy: a contingency approach to the convergence of the wars on drugs and against terrorism c2005 ap.451-71. aJul aWar - United States aTerrorism - United States aTerrorism aReview of Policy Research